Statystyki dla Filmy Pixara

Kliknij tutaj aby rozwiązać quiz!

Ogólne statystyki

  • Ten quiz został rozwiązany 213 razy
  • Średni wynik to 15 z 26

Statystyki odpowiedzi

RokFilm% Poprawnych
1995Toy Story
96%
1999Toy Story 2
96%
2010Toy Story 3
96%
2019Toy Story 4
96%
2006Auta
79%
2011Auta 2
79%
2017Auta 3
79%
2001Potwory i spółka
67%
2004Iniemamocni
58%
2018Iniemamocni 2
58%
2008WALL-E
56%
2015W głowie się nie mieści
53%
2009Odlot
52%
2003Gdzie jest Nemo?
50%
2017Coco
49%
2016Gdzie jest Dory?
44%
2013Uniwersytet potworny
44%
1998Dawno temu w trawie
42%
2007Ratatuj
42%
2012Merida Waleczna
39%
2022To nie wypanda
31%
2020Co w duszy gra
30%
2021Luca
30%
2020Naprzód
30%
2022Buzz Astral
29%
2015Dobry dinozaur
28%

Rozkład punktacji

Percentyl według liczby udzielonych odpowiedzi

Procent ludzi z każdym wynikiem

Twoja historia wyników

Nie rozwiązałeś tego quizu